Beyoncé - Chansons commençants par C - Statistiques

Statistiques générales
  • Ce quiz a été pris 17 fois
  • Le résultat moyen est 3 sur 6
Statistiques - réponses
C % Correct
Crazy in Love
77%
Church Girl
46%
Cozy
46%
Cuff It
38%
Countdown
31%
Check on It
23%
Aucun quiz correspondant
Distribution des résultats
% des personnes avec chaque résultat
Percentile par nombre de réponses
Votre historique - résultats
Vous n’avez pas pris ce quiz